Le garanzie mobiliari nel sistema agro-indsutriale

Bibliographic Details
Main Author: Costantino, Laura
Format: eBook
Language:Italian
Published: [Roma] : Cacucci Editore, 2005
Subjects:
Online Access:Acceso restringido

MARC

LEADER 00000nam a22000007a 4500
005 20110923105033.0
008 110923s2005 it |||||s|||| 00||0 ita d
020 |a 8884-4543 
035 |a 5073 
040 |a vLex 
090 |c 2544  |d 2544 
100 1 |a Costantino, Laura 
245 1 3 |a Le garanzie mobiliari nel sistema agro-indsutriale  |h [Recurso electrn̤ico] /  |c Laura Costantino  
256 |a Servicio en ln̕ea 
260 |a [Roma] :  |b Cacucci Editore,  |c 2005 
300 |a 1 recurso electrn̤ico 
506 1 |a Contenido solo disponible en los productos indicados  |d vLex Global  |d vLex Global (Academic Edition, excluding Law Schools)  |d vLex Global (U.S. Academic Edition, Law Schools)  |d vLex Global (U.S. Academic Edition, excluding Law Schools)  |d vLex Global (Academic Edition, Law Schools) 
650 0 4 |a Derecho civil  |z Italia 
740 0 |a vLex Libros (Servicio en ln̕ea) 
856 4 0 |u http://vlex.com/source/garanzie-mobiliari-sistema-agro-indsutriale-5073  |z Acceso restringido 
942 |c BOOK